Central Library OPAC University of Rajshahi

Differential geometry of manifolds / (Record no. 70518)

MARC details
000 -LEADER
fixed length control field 00743nam a2200241 a 4500
001 - CONTROL NUMBER
control field 70518
003 - CONTROL NUMBER IDENTIFIER
rucl marc code BD-RjUL
005 - DATE AND TIME OF LATEST TRANSACTION
control field 20211209082018.0
008 - FIXED-LENGTH DATA ELEMENTS--GENERAL INFORMATION
fixed length control field 170418s2007 maua b 001 0 eng d
035 ## - SYSTEM CONTROL NUMBER
System control number (BD-RjUL) 70732
040 ## - CATALOGING SOURCE
Original cataloging agency DLC
Transcribing agency DLC
Modifying agency YDXCP
-- TXA
-- C#P
-- BWX
-- CDX
-- BD-RjUL
Language of cataloging eng
041 ## - LANGUAGE CODE
Language code of text/sound track or separate title eng
082 00 - DEWEY DECIMAL CLASSIFICATION NUMBER
Classification number 516.36
Edition number 23
Author mark and year SHD 2007
100 ## - MAIN ENTRY--PERSONAL NAME
Personal name Shaikh, A A
9 (RLIN) 208740
245 10 - TITLE STATEMENT
Title Differential geometry of manifolds /
Statement of responsibility, etc. A A Shaikh
260 ## - PUBLICATION, DISTRIBUTION, ETC. (IMPRINT)
Place of publication, distribution, etc. New Delhi :
Name of publisher, distributor, etc. Narosa Pub. ,
Date of publication, distribution, etc. c2007.
300 ## - PHYSICAL DESCRIPTION
Pagination xi, 298 p. :
Illustrations ill. ;
Size 24 cm.
504 ## - BIBLIOGRAPHY, ETC. NOTE
Bibliography, etc Includes bibliographical references and index.
650 #0 - SUBJECT ADDED ENTRY--TOPICAL TERM
Topical term or geographic name as entry element Manifolds (Mathematics)
9 (RLIN) 138725
Topical term or geographic name as entry element Differential geometry.
9 (RLIN) 152044
942 ## - ADDED ENTRY ELEMENTS (KOHA)
Source of classification or shelving scheme Dewey Decimal Classification
Koha item type Books
Holdings
Lost status Source of classification or shelving scheme Damaged status Not for loan Collection code Permanent Location Current Location Shelving location Date acquired Source of acquisition Cost, normal purchase price Total Checkouts Full call number Date last seen Copy number Koha item type
  Dewey Decimal Classification   Not For Loan Non-fiction Central Library, University of Rajshahi Central Library, University of Rajshahi Reading Room 05/05/2008 Paragon Ent. 295.00   516.36 SHD 2007 18/04/2017 C-1 Books